00686nam a2200169Ia 4500008004100000020002200041050002200063110003900085245011200124250000900236260003100245300001000276500001900286630008000305650008700385700004400472121028s9999 xx 000 0 und d a978-607-448-059-7 aBF76.7 P83 2010 aAmerican Psychological Association aManual de publicaciones de la American Psychological Association / traducción de Miroslava Guerra Frías a2 ed aMéxico : Manual Moderno, a260 p aIncluye Indice aTraduccion de: Publication Manual of the American Psychological Association aPsicología -- Arte de escribir -- Manuales Comunicacion en la psicologia  aGuerra Frías, Miroslava, traductorÌ